OECD Development Co-operation Peer Reviews: Iceland 2017

Salvato in:
Dettagli Bibliografici
Natura: Libro
Lingua:inglese
Pubblicazione: Paris OECD 2017
Serie:OECD Development Co-operation Peer Reviews
Soggetti:
Tags: Aggiungi Tag
Nessun Tag, puoi essere il primo ad aggiungerne!!

MARC

LEADER 00000nam a2200000 4500
001 0240990
005 20240314123236.9
020 |a 978-92-64-27432-7 
041 0 |a eng 
044 |a FR 
245 1 0 |a OECD Development Co-operation Peer Reviews: Iceland 2017 
264 1 |a Paris  |b OECD  |c 2017 
300 |a 100 s. 
490 1 |a OECD Development Co-operation Peer Reviews 
830 0 |a OECD Development Co-operation Peer Reviews 
610 2 0 |a rozvoj hospodársky 
610 2 0 |a financovanie 
610 2 0 |a politika 
610 2 0 |a stratégia hospodárska 
610 2 0 |a spolupráca medzinárodná 
610 2 0 |a rozpočty 
610 2 0 |a pomoc humanitárna 
610 2 0 |a kooperácia 
610 2 0 |a programy rozvojové 
610 2 0 |a partnerstvo strategické 
610 2 0 |a Island